Bens by Picture - Statistics

General Stats
  • This quiz has been taken 32 times
  • The average score is 10 of 18
Answer Stats
Picture Hint Answer % Correct
Big Ben
100%
Benedict Cumberbatch
97%
Ben Affleck
93%
Benjamin Franklin
93%
Ben Stiller
83%
Benjamin Netanyahu
69%
Ben Kingsley
59%
Benjamin Harrison
52%
Ben Obi-Wan Kenobi
52%
(traitor) Benedict Arnold
41%
Ben Shapiro
41%
Ben Roethlisberger
31%
Ben Simmons
31%
Benedict Wong
28%
Ben Wallace
28%
Talking Ben
21%
Ben Carson
17%
Benjamin Bratt
17%
No matching quizzes found
Score Distribution
Percent of People with Each Score
Percentile by Number Answered
Your Score History
You have not taken this quiz